000 00417nam a2200133Ia 4500
008 220204s9999 xx 000 0 und d
020 _a8188836516
082 _aNR:338.45(540)
_bPIL
100 _aPillai, P Sundarsanan
245 0 _aPlantation management (A study of rubber plantation industry in India and Malaysia)
260 _aNew Delhi
_bSOnali Publications
_c2004
650 _aPlantation industry
942 _cBK
999 _c42936
_d42936